[Event "UAE President Cup (Women)"]
[Site "Ajman"]
[Date "2019.01.04"]
[Round "3"]
[White "Al Hammadi, Manal Hussein"]
[Black "Mariam, Essa"]
[Result "0-1"]
[WhiteElo "1087"]
[BlackElo "1597"]
[PlyCount "66"]
[EventDate "2019.01.02"]
[EventType "swiss"]
[EventRounds "9"]
[EventCountry "UAE"]
[SourceTitle "CBM 188 Extra"]
[Source "ChessBase"]
[SourceDate "2019.02.26"]
[SourceVersion "1"]
[SourceVersionDate "2019.02.26"]
[SourceQuality "1"]

1. e4 c5 2. Nf3 d6 3. g3 g6 4. Bg2 Bg7 5. 0-0 Nc6 6. Nc3 e6 7. d3 Nge7 8. Be3 0-0 9. Qd2 a6 10. Rad1 b5 11. Bh6 d5 12. Rfe1 d4 13. Bxg7 Kxg7 14. Ne2 e5 15. Kh1 f5 16. exf5 Bxf5 17. Nc1 Bg4 18. Ng5 h6 19. h3 Bf5 20. Ne4 c4 21. dxc4 bxc4 22. c3 Rb8 23. b4 Nd5 24. g4 Bd7 25. Ne2 d3 26. N2g3 Qh4 27. f3 Nf4 28. a3 Nxh3 29. Bxh3 Qxh3+ 30. Kg1 Rxf3 31. Rf1 Rxg3+ 32. Kf2 Rf8+ 33. Ke1 Rxf1# 0-1